Aids to reflection : (Record no. 31311)
[ view plain ]
| 000 -LEADER | |
|---|---|
| fixed length control field | 01182cam a2200313 a 4500 |
| 001 - CONTROL NUMBER | |
| control field | 31311 |
| 003 - CONTROL NUMBER IDENTIFIER | |
| rucl marc code | BD-RjUL |
| 005 - DATE AND TIME OF LATEST TRANSACTION | |
| control field | 20211209051702.0 |
| 008 - FIXED-LENGTH DATA ELEMENTS--GENERAL INFORMATION | |
| fixed length control field | 140415s1904 enk 000 0 eng |
| 035 ## - SYSTEM CONTROL NUMBER | |
| System control number | oxf98615546 |
| -- | (BD-RjUL)31398 |
| 040 ## - CATALOGING SOURCE | |
| Original cataloging agency | TJC |
| Transcribing agency | TJC |
| Modifying agency | m.c |
| -- | BD-RjUL |
| Language of cataloging | eng |
| 041 ## - LANGUAGE CODE | |
| Language code of text/sound track or separate title | eng |
| 082 04 - DEWEY DECIMAL CLASSIFICATION NUMBER | |
| Edition number | 20 |
| Classification number | 821.7 |
| Author mark and year | COA 1904 |
| 090 ## - LOCALLY ASSIGNED LC-TYPE CALL NUMBER (OCLC); LOCAL CALL NUMBER (OCLC) | |
| Classification number (OCLC) (R) ; Classification number, CALL (RLIN) (NR) | PR4480 |
| Local cutter number (OCLC) ; Book number/undivided call number, CALL (RLIN) | .A1 1904 |
| 100 1# - MAIN ENTRY--PERSONAL NAME | |
| Personal name | Coleridge, Samuel Taylor, |
| Dates associated with a name | 1772-1834. |
| 9 (RLIN) | 95281 |
| 245 10 - TITLE STATEMENT | |
| Title | Aids to reflection : |
| Remainder of title | and The confessions of an inquiring spirit / |
| Statement of responsibility, etc. | by Samuel Taylor Coleridge ; to which are added his essays on faith and the Book of common prayer, etc. |
| 246 38 - VARYING FORM OF TITLE | |
| Title proper/short title | Coleridge's works |
| 260 ## - PUBLICATION, DISTRIBUTION, ETC. (IMPRINT) | |
| Place of publication, distribution, etc. | London : |
| Name of publisher, distributor, etc. | George Bell & Sons, |
| Date of publication, distribution, etc. | 1904. |
| 300 ## - PHYSICAL DESCRIPTION | |
| Pagination | lxxvi, 381 p. ; |
| Size | 19 cm. |
| 490 1# - SERIES STATEMENT | |
| Series statement | Bohn's standard library |
| Series statement | The York library |
| 500 ## - GENERAL NOTE | |
| General note | Contains also Dr. Marsh's preliminary essay to "Aids to reflection." |
| 700 12 - ADDED ENTRY--PERSONAL NAME | |
| Personal name | Coleridge, Samuel Taylor, |
| Dates associated with a name | 1772-1834. |
| Personal name | Marsh, James, |
| Dates associated with a name | 1794-1842. |
| 830 #0 - SERIES ADDED ENTRY--UNIFORM TITLE | |
| Uniform title | Bohn's standard library |
| Uniform title | York library. |
| 942 ## - ADDED ENTRY ELEMENTS (KOHA) | |
| Source of classification or shelving scheme | Dewey Decimal Classification |
| Koha item type | Books |
| Lost status | Source of classification or shelving scheme | Damaged status | Not for loan | Permanent Location | Current Location | Shelving location | Date acquired | Source of acquisition | Cost, normal purchase price | Total Checkouts | Full call number | Date last seen | Copy number | Koha item type |
|---|---|---|---|---|---|---|---|---|---|---|---|---|---|---|
| Dewey Decimal Classification | Not For Loan | Central Library, University of Rajshahi | Central Library, University of Rajshahi | Reading Room | 04/04/1962 | Zeitlinger | 0.00 | 821.7 COA 1904 | 15/04/2014 | C-1 | Books |